000
00246 a2200097 4500
090
_c
3803
_d
3803
100
_a
Daniel Gray
245
_a
Web Design Fundamentals Handbook
260
_a
Dreamtech Press
_b
New Delhi
_c
2000
942
_a
NBS
_c
BK
_k
005.13 GRA
999
_c
346267
_d
346267